00536nam a2200157Ia 4500008004100000041000800041082001700049100002200066245006200088250001400150260002900164300003000193365001200223999001700235952012600252240624s9999 xx 000 0 und d aeng a658.3125 ARM aARMSTRONG MICHAEL aARMSTRONG S HANDBOOK OF PERFORMANCE MANAGEMENT AN EVIDENC a(5th ed.) c2015aLondonbKogan Page axi, : 400 : p. : cm. ; 24 cGBPb30 c27524d27524 00104070aIMTNbIMTNcRack 26-Ad2016-05-03eAPg34.99o658.3125 ARMp27524r2024-06-24 00:00:00t100.9w2024-06-24yBK